|
|
แสดงรายละเอียดบรรณานุกรม |
|
|
Brief Record
: Get Marc (ISO 2709)
: E-mail record
: |
| LEADER 00000nama 2200000uu 4500 | |||
| 001 187592 | |||
| 003 ULIBM | |||
| 008 040531s2539 th m m a000 0 tha d | |||
| 041 tha | |||
| 050 วจ WA18 ก451ร 2539 | |||
| 100 โกวิท วิวัฒน์ศรและคณะ | |||
| 245 รายงานการวิจัยเรื่องการศึกษาเพื่อการพัฒนาเทคโนโลยีการศึกษา 001 | |||
| 260 นนทบุรี ส่วนเทคโนโลยีและพัฒนา สถาบันพระบรมราชชนก 2539 | |||
| 300 217 หน้า | |||
| 650 สาธารณสุขศาสตร์ - การสอนด้วยอุปกรณ์ - วิจัย | |||
| 998 1998-03-25 | |||
| 999 ^aใช้งานได้ทุกระบบ | |||
| คุณยังไม่ได้ล็อกอิน คุณสามารถมีกิจกรรมร่วมกับเว็บไซต์ได้ แต่ต้องล็อกอินก่อน :: |
|
| สถานะ | |||||||||
| 1. | งานวิจัย | วจ WA18 ก451ร 2539 | On Shelf ขอยืม | ||||||
| 2. | งานวิจัย | วจ WA18 ก451ร 2539 | On Shelf ขอยืม | ||||||
| 3. | งานวิจัย | วจ WA18 ก451ร 2539 | On Shelf ขอยืม | ||||||
| 4. | งานวิจัย | วจ WA18 ก451ร 2539 | On Shelf ขอยืม | ||||||
| [แสดง 4/4 รายการ] | |||||||||
BibComment |
| คอมเมนท์ทรัพยากรรายการนี้ |
|
|